Complete the Card - WWE Backlash 2005 - Statistics

General Stats
  • This quiz has been taken 11 times
  • The average score is 11 of 22
Answer Stats
Answer % Correct
Batista
100%
Triple H
100%
Chris Jericho
88%
Edge
88%
Shawn Michaels
88%
Kane
75%
Shelton Benjamin
75%
Chris Benoit
63%
Tajiri
63%
The Hurricane
63%
William Regal
63%
Rosey
50%
Robert Conway
38%
Hulk Hogan
25%
Maven
25%
Muhammad Hassan
25%
Sylvain Grenier
25%
Antonio
13%
Daivari
13%
Romeo
13%
Simon Dean
13%
Viscera
13%
No matching quizzes found
Score Distribution
Percent of People with Each Score
Percentile by Number Answered
Your Score History
You have not taken this quiz